00610nam a2200205Ia 4500008004100000050001300041050001500054100002300069245009000092245002300182260003100205260001000236260001000246300001500256300002000271300001100291500005600302521002700358999001900385170504s9999 xx 000 0 und d aTS 58.6  b.P843 2016 aPortelo, Marvie B. aComputerized inventory and point of sales system of lesinc and laboratory equipment / cMarvie B. Portelo. aLas Piñas, Philippines : bSISC, c2016. a88 pages : billustrations ; c28 cm. aIncludes bibliographical references and appendices. aInformation Technology c329750d329750